Методы полевой геофизики: учебное пособие
| Hlavní autor: | |
|---|---|
| Korporativní autor: | |
| Shrnutí: | Заглавие с титульного экрана В пособии изложены физические основы гравиразведки, магниторазведки, электроразведки, радиометрии, термометрии, а также принципы устройства аппаратуры, методика полевых работ, основные способы интерпретации геофизических аномалий. Рассмотрены вопросы применения и комплексной интерпретации данных геофизических методов при поисках месторождений нефти и газа. Предназначено для студентов вузов, обучающихся по специальностям 130102 "Технология геологической разведки" и 130101 "Прикладная геология". Режим доступа: из корпоративной сети ТПУ |
| Jazyk: | ruština |
| Vydáno: |
Томск, Изд-во ТПУ, 2012
|
| Témata: | |
| On-line přístup: | http://www.lib.tpu.ru/fulltext2/m/2013/m081.pdf |
| Médium: | MixedMaterials Elektronický zdroj Kniha |
| KOHA link: | https://koha.lib.tpu.ru/cgi-bin/koha/opac-detail.pl?biblionumber=235215 |
MARC
| LEADER | 00000nlm0a2200000 4500 | ||
|---|---|---|---|
| 001 | 235215 | ||
| 005 | 20250428101506.0 | ||
| 035 | |a (RuTPU)RU\TPU\book\256345 | ||
| 090 | |a 235215 | ||
| 100 | |a 20130405d2012 m y0rusy50 ca | ||
| 101 | 0 | |a rus | |
| 102 | |a RU | ||
| 105 | |a a j 001zy | ||
| 135 | |a drcn ---uucaa | ||
| 181 | 0 | |a i | |
| 182 | 0 | |a b | |
| 200 | 1 | |a Методы полевой геофизики |e учебное пособие |f Е. В. Гусев |g Национальный исследовательский Томский политехнический университет (ТПУ), Институт природных ресурсов (ИПР), Кафедра геофизики (ГЕОФ) | |
| 203 | |a Текст |c электронный | ||
| 210 | |a Томск |c Изд-во ТПУ |d 2012 | ||
| 300 | |a Заглавие с титульного экрана | ||
| 330 | |a В пособии изложены физические основы гравиразведки, магниторазведки, электроразведки, радиометрии, термометрии, а также принципы устройства аппаратуры, методика полевых работ, основные способы интерпретации геофизических аномалий. Рассмотрены вопросы применения и комплексной интерпретации данных геофизических методов при поисках месторождений нефти и газа. Предназначено для студентов вузов, обучающихся по специальностям 130102 "Технология геологической разведки" и 130101 "Прикладная геология". | ||
| 333 | |a Режим доступа: из корпоративной сети ТПУ | ||
| 337 | |a Adobe Reader | ||
| 451 | 1 | |0 (RuTPU)RU\TPU\book\230237 |t Методы полевой геофизики |o учебное пособие |f Е. В. Гусев |g Национальный исследовательский Томский политехнический университет (ТПУ) |c Томск |n Изд-во ТПУ |d 2007 |a Гусев, Евгений Владимирович | |
| 606 | 1 | |a Геофизика полевая |2 stltpush |3 (RuTPU)RU\TPU\subj\6255 |9 34183 | |
| 610 | 1 | |a электронный ресурс | |
| 610 | 1 | |a геофизические данные | |
| 610 | 1 | |a геофизические измерения | |
| 610 | 1 | |a гравиразведка | |
| 610 | 1 | |a магниторазведка | |
| 610 | 1 | |a электроразведка | |
| 610 | 1 | |a радиометрия | |
| 610 | 1 | |a терморазведка | |
| 610 | 1 | |a ядерная геофизика | |
| 610 | 1 | |a нефтегазовые месторождения | |
| 610 | 1 | |a учебные пособия | |
| 610 | 1 | |a труды учёных ТПУ | |
| 610 | 1 | |a нефтегазовые месторождения | |
| 610 | 1 | |a геофизика | |
| 610 | 1 | |a термические методы | |
| 610 | 1 | |a электрические методы | |
| 610 | 1 | |a разведка | |
| 675 | |a 550.83.02(075.8) |v 3 | ||
| 700 | 1 | |a Гусев |b Е. В. |c геолог |c доцент Томского политехнического института, кандидат геолого-минералогических наук |c выпускник Томского политехнического института 1973 |f 1951- |g Евгений Владимирович |3 (RuTPU)RU\TPU\pers\18580 |9 6880 | |
| 712 | 0 | 2 | |a Национальный исследовательский Томский политехнический университет (ТПУ) |b Институт природных ресурсов (ИПР) |b Кафедра геофизики (ГЕОФ) |3 (RuTPU)RU\TPU\col\18667 |
| 801 | 1 | |a RU |b 63413507 |c 20130405 | |
| 801 | 2 | |a RU |b 63413507 |c 20130422 |g RCR | |
| 850 | |a 63413507 | ||
| 856 | 4 | |u http://www.lib.tpu.ru/fulltext2/m/2013/m081.pdf | |
| 942 | |c CF | ||